K problematice náhradní rodinné péče v ČR

Od roku 2013 prebieha v Českej republike reforma systému sociálno - právnej ochrany detí. Prístup sociálnych pracovníkov a stratégia štátu pri efektívnom riešení tejto reformy.

Enregistré dans:
Détails bibliographiques
Auteur principal: Wildmannová, Mirka
Format: Chapitre de livre
Langue:tchèque
Sujets:
Tags: Ajouter un tag
Pas de tags, Soyez le premier à ajouter un tag!

MARC

LEADER 00000nla a2200000 4500
001 0177433
005 20220729111858.4
041 0 |a cze 
044 |a SK 
245 1 0 |a K problematice náhradní rodinné péče v ČR  |c Mirka Wildmannová 
520 |a Od roku 2013 prebieha v Českej republike reforma systému sociálno - právnej ochrany detí. Prístup sociálnych pracovníkov a stratégia štátu pri efektívnom riešení tejto reformy. 
610 2 0 |a Česko 
610 2 0 |a starostlivosť o rodinu 
610 2 0 |a deti 
610 2 0 |a ochrana sociálna 
610 2 0 |a ochrana právna 
610 2 0 |a práca sociálna 
610 2 0 |a zákony 
610 2 0 |a reformy 
100 1 |a Wildmannová, Mirka